Normal view
MARC view
Entry Uniform Title
001 - CONTROL NUMBER
- control field: 39295
003 - CONTROL NUMBER IDENTIFIER
- control field: dpl
005 - DATE AND TIME OF LATEST TRANSACTION
- control field: 20120116152445.0
008 - FIXED-LENGTH DATA ELEMENTS
- fixed length control field: 120116|||a|||||| | ||| d
040 ## - CATALOGING SOURCE
- Original cataloging agency: dpl
- Transcribing agency: dpl
130 ## - HEADING--UNIFORM TITLE
- Uniform title: Jules Verne's
670 ## - SOURCE DATA FOUND
- Source citation: Work cat.: (dpl): Bowen, Carl 39294, 20,000 Leagues under the sea /, 2009
670 ## - SOURCE DATA FOUND
- Source citation: Work cat.: (dpl): Bowen, Carl 39294, 20,000 Leagues under the sea /, 2009
